| 000 | 01314nam a2200325Ia 4500 | ||
|---|---|---|---|
| 001 | ebr10263727 | ||
| 003 | CaPaEBR | ||
| 006 | m u | ||
| 007 | cr cn||||||||| | ||
| 008 | 080506s2009 enka sb 001 0 eng d | ||
| 010 | _z 2008020585 | ||
| 020 | _z9780195365740 | ||
| 020 | _z0195365747 | ||
| 040 |
_aCaPaEBR _cCaPaEBR |
||
| 035 | _a(OCoLC)646780468 | ||
| 050 | 1 | 4 |
_aRC485 _b.F56 2009eb |
| 100 | 1 |
_aFink, Max, _d1923- |
|
| 245 | 1 | 0 |
_aElectroconvulsive therapy _h[electronic resource] : _ba guide for professionals and their patients / _cMax Fink. |
| 260 |
_aOxford ; _aNew York : _bOxford University Press, _c2009. |
||
| 300 |
_axvi, 162 p. : _bill. |
||
| 500 | _aRev. ed. of: Electroshock : healing mental illness. 2003. | ||
| 504 | _aIncludes bibliographical references (p. 139-151) and index. | ||
| 533 |
_aElectronic reproduction. _bPalo Alto, Calif. : _cebrary, _d2009. _nAvailable via World Wide Web. _nAccess may be limited to ebrary affiliated libraries. |
||
| 650 | 0 | _aElectroconvulsive therapy. | |
| 650 | 0 | _aElectrotherapeutics. | |
| 655 | 7 |
_aElectronic books. _2local |
|
| 700 | 1 |
_aFink, Max, _d1923- _tElectroshock. |
|
| 710 | 2 | _aebrary, Inc. | |
| 856 | 4 | 0 |
_uhttp://site.ebrary.com/lib/rucke/Doc?id=10263727 _zAn electronic book accessible through the World Wide Web; click to view |
| 999 |
_c11587 _d11587 |
||